| 000 | 00618nam a2200217 i 4500 | ||
|---|---|---|---|
| 001 | 42102 | ||
| 003 | ES-MaACL | ||
| 007 | t| | ||
| 008 | 030312s1985 sp ||||1| spa d | ||
| 020 | _a84-85595-26-2 | ||
| 100 | 1 |
_aCastaneda, Carlos. _936394 |
|
| 245 | 1 | 3 |
_aEl fuego interno / _c[Carlos Castaneda]. |
| 250 | _a1ª ed. | ||
| 260 |
_aSan Lorenzo de El Escorial : _bSwan, Avantos & Hakeldama, _c1985. |
||
| 300 |
_a326 p. ; _c22 cm. |
||
| 490 | 1 |
_aEl compás de oro ; _v5 |
|
| 500 | _aIndice. | ||
| 830 | 0 |
_aEl compás de oro ; _v5 _9181924 |
|
| 852 |
_aES-MaACL _jL-9507 _bR.108898 |
||
| 999 |
_c42102 _d42102 |
||